Real and abstract analysis ; a modern treatment of the theory of functions of a real variable /
Guardado en:
| Autor Principal: | |
|---|---|
| Otros Autores: | |
| Formato: | Libro |
| Idioma: | English |
| Publicado: |
Berlin ; New York :
Springer-Verlag,
1965.
|
| Materias: | |
| Etiquetas: |
Agregar Etiqueta
Sin Etiquetas, Sea el primero en etiquetar este registro!
|
| LEADER | 00811cam a22002171a 4500 | ||
|---|---|---|---|
| 001 | MAT.inmabb005638 | ||
| 008 | 841204s1965####wb#a#####b####000#0#eng## | ||
| 005 | 20170822142847.0 | ||
| 245 | 1 | 0 | |a Real and abstract analysis ; |b a modern treatment of the theory of functions of a real variable / |c by Edwin Hewitt and Karl Stromberg. |
| 260 | |a Berlin ; |a New York : |b Springer-Verlag, |c 1965. | ||
| 300 | |a viii, 476 p. : |b il. ; |c 24 cm. | ||
| 504 | |a Bibliographical footnotes. | ||
| 510 | 4 | |a MR, |c 32 #5826 | |
| 100 | 1 | |a Hewitt, Edwin, |d 1920- | |
| 700 | 1 | |a Stromberg, Karl R. |q (Karl Robert), |d 1931-1994. | |
| 650 | 0 | |a Functions of real variables. | |
| 650 | 0 | |a Mathematical analysis. | |
| 084 | |a 26-02 (28-02 46-02) |2 msc2000 | ||
| 010 | |a 65026609 | ||
| 040 | |a DLC/ICU |c ICU |d DLC | ||
| 859 | |h 26 |i H611 |p A-2300 |b BIB. MATEMATICA | ||
